| 000 | 00366nam a2200145Ia 4500 | ||
|---|---|---|---|
| 008 | 210716s2000 xx 000 0 und d | ||
| 020 | _a9788173713095 | ||
| 041 | _aeng | ||
| 082 | _a651.73 SIDS | ||
| 100 | _aSiddons, Suzy. | ||
| 245 | _aPresentation skills. | ||
| 260 |
_aHyderabad _bUniversities Press _c2000 |
||
| 300 | _a64 | ||
| 650 | _aBusiness Communication | ||
| 999 |
_c205390 _d205390 |
||